00559nam a22001937a 450000500170000000800410001702000180005802000150007604100080009108000080009910000200010724500720012725000130019926000420021230000300025465000150028465000150029970000510031420151222070557.0111014s2013 nyua b 001 0 eng  a9780078029295 a00780292950 aeng a3381 aPearce, John A.10aStrategic management :cJohn A. Pearce II, Richard B. Robinson, Jr. a13th ed. aNew York :bMcGraw-Hill/Irwin,c2013. a434 f. :bme il.;c26 cm. 0aOrganizimi 0aStrategjia1 aRobinson, Richard B.q(Richard Braden),d1947-